00559nam a22001817a 450000500170000001000150001702000250003203500130005703700130007008200100008310000170009324500940011026000490020427000520025330000240030570000300032970000180035920100816141711.0 aENG-100693 c95.00a9788190949095 aEN-84226 bDBAD/PUB a155.8 aG. Ravindran aSuccess through soft skills /cby G. Ravindran, S. Papu Benjamin Elango [and] L. Arockiam aTiruchirappallibGolden Net Publishersc2009 a20, Chinthamani BazaarbTiruchirappallie620002 a127 p. b20cm (Pbk) aElango, S. Papu Benjamin  aArockiam, L.